Tennis masculin : Joueurs terminant l'année n°1 mondial - Statistiques

Statistiques générales
  • Ce quiz a été pris 136 fois
    29 depuis la dernière actualisation
  • Le résultat moyen est 36 sur 53
Statistiques - réponses
Année Joueur % Correct
2011 Djokovic
100%
2012 Djokovic
100%
2014 Djokovic
100%
2015 Djokovic
100%
2018 Djokovic
100%
2020 Djokovic
100%
2021 Djokovic
100%
2023 Djokovic
100%
2008 Nadal
100%
2010 Nadal
100%
2013 Nadal
100%
2017 Nadal
100%
2019 Nadal
100%
2022 Alcaraz
97%
2025 Alcaraz
97%
2004 Federer
97%
2005 Federer
97%
2006 Federer
97%
2007 Federer
97%
2009 Federer
97%
2024 Sinner
93%
2016 Murray
79%
1979 Borg
69%
1980 Borg
69%
1993 Sampras
69%
1994 Sampras
69%
1995 Sampras
69%
1996 Sampras
69%
1997 Sampras
69%
1998 Sampras
69%
1999 Agassi
66%
1981 McEnroe
52%
1982 McEnroe
52%
1983 McEnroe
52%
1984 McEnroe
52%
2001 Hewitt
45%
2002 Hewitt
45%
2000 Kuerten
41%
2003 Roddick
41%
1974 Connors
38%
1975 Connors
38%
1976 Connors
38%
1977 Connors
38%
1978 Connors
38%
1985 Lendl
38%
1986 Lendl
38%
1987 Lendl
38%
1989 Lendl
38%
1988 Wilander
38%
1992 Courier
28%
1973 Năstase
28%
1990 Edberg
21%
1991 Edberg
21%
Aucun quiz correspondant
Distribution des résultats
% des personnes avec chaque résultat
Percentile par nombre de réponses
Votre historique - résultats
Vous n’avez pas pris ce quiz depuis la dernière actualisation